[Event "Belgrade Gligoric 100 Ann op"]
[Site "Belgrade"]
[Date "2023.02.05"]
[Round "5"]
[White "Dragic, Dragan"]
[Black "Ratkovic, Miloje"]
[Result "0-1"]
[WhiteElo "1831"]
[BlackElo "2489"]
[PlyCount "64"]
[EventDate "2023.02.05"]
[EventType "swiss (blitz)"]
[EventRounds "11"]
[EventCountry "SRB"]
[SourceTitle "EXT 2024"]
[Source "ChessBase"]
[SourceDate "2023.10.10"]
[SourceVersion "1"]
[SourceVersionDate "2023.10.10"]
[SourceQuality "1"]

1. d4 Nf6 2. c4 c5 3. d5 b5 4. cxb5 a6 5. bxa6 g6 6. Nc3 Bg7 7. e4 0-0 8. Qc2 e6 9. Bb5 Bxa6 10. a4 Bxb5 11. Nxb5 exd5 12. exd5 Na6 13. Ne2 Nxd5 14. 0-0 Ndb4 15. Qd1 d5 16. Nec3 d4 17. Ne4 c4 18. Bg5 Qb6 19. Qf3 f6 20. Bd2 Nd3 21. Rab1 Ne5 22. Qh3 Nc5 23. Ned6 Rxa4 24. Bh6 Ra5 25. Bxg7 Kxg7 26. f4 Nf7 27. Nxf7 Rxf7 28. Na3 Ra4 29. Qc8 d3 30. Kh1 Ne4 31. Nxc4 Qd4 32. Qc6 Rxc4 0-1

[Event "Belgrade Gligoric 100 Ann op"]
[Site "Belgrade"]
[Date "2023.02.05"]
[Round "3"]
[White "Govedarica, Radovan"]
[Black "Ratkovic, Miloje"]
[Result "1-0"]
[WhiteElo "2267"]
[BlackElo "2489"]
[PlyCount "63"]
[EventDate "2023.02.05"]
[EventType "swiss (blitz)"]
[EventRounds "11"]
[EventCountry "SRB"]
[SourceTitle "EXT 2024"]
[Source "ChessBase"]
[SourceDate "2023.10.10"]
[SourceVersion "1"]
[SourceVersionDate "2023.10.10"]
[SourceQuality "1"]

1. e4 c6 2. d4 d5 3. exd5 cxd5 4. c4 Nf6 5. Nc3 Nc6 6. Nf3 a6 7. cxd5 Nxd5 8. Bc4 Nxc3 9. bxc3 e6 10. 0-0 Be7 11. a4 0-0 12. Bf4 b6 13. Qe2 Bb7 14. Bd3 Rc8 15. Rfc1 Na5 16. Rab1 Ra8 17. Ne5 g6 18. Bh6 Re8 19. Qe3 Nc6 20. Nc4 e5 21. d5 Bc5 22. Qf3 Ne7 23. Nxe5 Bxd5 24. Qf4 Nc6 25. Nxc6 Bxc6 26. Bc4 Qe7 27. h4 Bd6 28. Qd4 Be5 29. Qxb6 Qxh4 30. f4 Qxh6 31. fxe5 Qe3+ 32. Qxe3 1-0

[Event "Belgrade Vucicevic Memorial"]
[Site "Belgrade"]
[Date "2022.11.11"]
[Round "12"]
[White "Ivanisevic, Ivan"]
[Black "Ratkovic, Miloje"]
[Result "1/2-1/2"]
[WhiteElo "2533"]
[BlackElo "2483"]
[PlyCount "82"]
[EventDate "2022.11.11"]
[EventType "swiss (blitz)"]
[EventRounds "13"]
[EventCountry "SRB"]
[SourceTitle "EXT 2024"]
[Source "ChessBase"]
[SourceDate "2023.10.10"]
[SourceVersion "1"]
[SourceVersionDate "2023.10.10"]
[SourceQuality "1"]

1. Nf3 d5 2. g3 Nf6 3. Bg2 c6 4. 0-0 Bf5 5. c4 e6 6. Qb3 Qb6 7. d3 Nbd7 8. cxd5 exd5 9. Qc2 Be7 10. Nc3 0-0 11. e4 dxe4 12. dxe4 Bg6 13. Be3 Qa5 14. h3 Bb4 15. Nd4 Rfe8 16. Nb3 Qh5 17. f3 Bd6 18. Bf2 Ne5 19. Nd2 Rad8 20. Ne2 Bb8 21. Nf4 Rxd2 22. Qxd2 Nxf3+ 23. Bxf3 Qxf3 24. Qe3 Qxe3 25. Bxe3 Bxe4 26. Rfe1 g5 27. Bd4 Nd5 28. Nxd5 cxd5 29. Kf2 f5 30. Rac1 Kf7 31. Rc3 b6 32. Rc6 Re6 33. Rec1 Bd6 34. Rc8 f4 35. g4 f3 36. Rh8 Rh6 37. Rh1 Bf8 38. Rc1 Bd6 39. Rh1 Bf8 40. Rc1 Bd6 41. Rh1 Bf8 1/2-1/2

[Event "SRB-chT Premier"]
[Site "Vrnjacka Banja"]
[Date "2022.09.25"]
[Round "6.6"]
[White "Ratkovic, Miloje"]
[Black "Kovacevic, Aleksandar"]
[Result "1-0"]
[WhiteElo "2498"]
[BlackElo "2471"]
[PlyCount "91"]
[EventDate "2022.09.20"]
[EventType "team-tourn"]
[EventRounds "11"]
[EventCountry "SRB"]
[SourceTitle "CBM 210 Extra"]
[Source "ChessBase"]
[SourceDate "2022.11.30"]
[SourceVersion "1"]
[SourceVersionDate "2022.11.30"]
[SourceQuality "1"]
[WhiteTeam "Elemir Naftagas"]
[BlackTeam "Novi Sad SK"]
[WhiteTeamCountry "SRB"]
[BlackTeamCountry "SRB"]

1. d4 Nf6 2. Nf3 e6 3. e3 c5 4. c4 d5 5. cxd5 exd5 6. Nc3 Nc6 7. Bb5 cxd4 8. Nxd4 Bd7 9. 0-0 Bd6 10. Nf3 a6 11. Bxc6 Bxc6 12. b3 0-0 13. Bb2 Re8 14. Qd4 Qe7 15. Rfd1 Rad8 16. Rac1 Qf8 17. Qh4 Ne4 18. Nd4 Nxc3 19. Bxc3 Bd7 20. Nf3 Bf5 21. Ba5 Rd7 22. Nd4 Re4 23. f4 Bg6 24. Qh3 f5 25. Bb6 Ba3 26. Rc2 Qd6 27. Rc8+ Kf7 28. Ba7 Qe7 29. Nf3 h6 30. Ne5+ Rxe5 31. fxe5 Qxe5 32. Bd4 Qe4 33. Qf3 Bd6 34. Qxe4 fxe4 35. Rf1+ Ke6 36. Rg8 Be5 37. Rd1 Bf7 38. Rc8 Bh5 39. Rd2 Bd6 40. Rg8 Rc7 41. Rxg7 Rc1+ 42. Kf2 Bb4 43. Rh7 Kf5 44. Rxh6 Bg4 45. h4 Bd1 46. Kg3 1-0

[Event "SRB-chT Premier"]
[Site "Vrnjacka Banja"]
[Date "2022.09.21"]
[Round "2.5"]
[White "Zegarac, Vuk"]
[Black "Ratkovic, Miloje"]
[Result "0-1"]
[WhiteElo "2336"]
[BlackElo "2498"]
[PlyCount "80"]
[EventDate "2022.09.20"]
[EventType "team-tourn"]
[EventRounds "11"]
[EventCountry "SRB"]
[SourceTitle "CBM 210 Extra"]
[Source "ChessBase"]
[SourceDate "2022.11.30"]
[SourceVersion "1"]
[SourceVersionDate "2022.11.30"]
[SourceQuality "1"]
[WhiteTeam "Subotica Spartak"]
[BlackTeam "Elemir Naftagas"]
[WhiteTeamCountry "SRB"]
[BlackTeamCountry "SRB"]

1. d4 d5 2. Nf3 Nf6 3. c3 e6 4. Bf4 Bd6 5. e3 0-0 6. Nbd2 c5 7. Bd3 Bxf4 8. exf4 cxd4 9. Nxd4 Qc7 10. g3 e5 11. fxe5 Qxe5+ 12. Qe2 Qd6 13. 0-0 Re8 14. Qf3 Bg4 15. Qg2 Nc6 16. Nxc6 bxc6 17. f3 Bd7 18. Qf2 c5 19. Rfe1 Rab8 20. b3 a5 21. Rxe8+ Bxe8 22. Re1 a4 23. Bc2 axb3 24. axb3 Ra8 25. Bb1 g6 26. Qe3 Bd7 27. Kg2 d4 28. Nc4 Bh3+ 29. Kg1 dxe3 30. Nxd6 Ra1 31. c4 Nd7 32. f4 Nf6 33. Rd1 Bg4 34. Re1 Bh3 35. Rd1 h5 36. Nb5 e2 37. Re1 Ne4 38. Na3 Nc3 39. Rc1 Rxa3 40. Rxc3 e1Q# 0-1

[Event "Novi Sad TS GM Mix 251 st"]
[Site "Novi Sad"]
[Date "2022.04.30"]
[Round "9"]
[White "Milosevic, Milos"]
[Black "Ratkovic, Miloje"]
[Result "0-1"]
[WhiteElo "2288"]
[BlackElo "2496"]
[PlyCount "86"]
[EventDate "2022.04.25"]
[EventType "tourn"]
[EventRounds "9"]
[EventCountry "SRB"]
[EventCategory "6"]
[SourceTitle "CBM 208 Extra"]
[Source "ChessBase"]
[SourceDate "2022.07.31"]
[SourceVersion "1"]
[SourceVersionDate "2022.07.31"]
[SourceQuality "1"]

1. e4 c6 2. d4 d5 3. e5 Bf5 4. Nc3 h5 5. Nf3 e6 6. Bd3 Bxd3 7. Qxd3 Be7 8. Ne2 Qa5+ 9. c3 Qa6 10. Qxa6 Nxa6 11. 0-0 Bf8 12. Be3 Ne7 13. a4 Nb8 14. a5 Nf5 15. Bd2 Nd7 16. b4 Be7 17. Nc1 Rg8 18. Bg5 f6 19. exf6 gxf6 20. Bf4 Kf7 21. Nd3 Bd6 22. Rfe1 Rae8 23. Ra2 a6 24. Rae2 Rg4 25. g3 Bxf4 26. Nxf4 Rxf4 27. gxf4 Nf8 28. Kh1 Ng6 29. Rg1 Nxf4 30. Rc2 Nd6 31. Nh4 e5 32. dxe5 fxe5 33. Nf3 Kf6 34. Rd1 Nf5 35. Rcd2 e4 36. Nd4 Nxd4 37. cxd4 Nh3 38. Re2 Kf5 39. Rf1 Kf4 40. Rc2 Ng5 41. Rg1 Re7 42. Rc3 h4 43. h3 Nf3 0-1

[Event "Novi Sad TS GM Mix 251 st"]
[Site "Novi Sad"]
[Date "2022.04.29"]
[Round "7"]
[White "Mamatov, Melis"]
[Black "Ratkovic, Miloje"]
[Result "0-1"]
[WhiteElo "2290"]
[BlackElo "2496"]
[PlyCount "50"]
[EventDate "2022.04.25"]
[EventType "tourn"]
[EventRounds "9"]
[EventCountry "SRB"]
[EventCategory "6"]
[SourceTitle "CBM 208 Extra"]
[Source "ChessBase"]
[SourceDate "2022.07.31"]
[SourceVersion "1"]
[SourceVersionDate "2022.07.31"]
[SourceQuality "1"]

1. e4 c6 2. d4 d5 3. f3 e6 4. Nc3 b5 5. a3 b4 6. axb4 Bxb4 7. Bf4 Ne7 8. Nge2 0-0 9. Qd3 a5 10. Bd2 c5 11. dxc5 Nd7 12. exd5 Nxc5 13. Qc4 exd5 14. Qh4 Qb6 15. Nd4 Nf5 16. Nxf5 Bxf5 17. 0-0-0 Rfc8 18. Be1 Nb3+ 19. Kb1 Bxc3 20. Bxc3 Rxc3 21. bxc3 Nd2+ 22. Kc1 Qb1+ 23. Kxd2 Qxc2+ 24. Ke3 Re8+ 25. Kf4 Re4+ 0-1

[Event "SRB-ch 15th"]
[Site "Stara Planina"]
[Date "2021.12.09"]
[Round "4"]
[White "Stankovic, Milos"]
[Black "Ratkovic, Miloje"]
[Result "1/2-1/2"]
[WhiteElo "2421"]
[BlackElo "2493"]
[PlyCount "39"]
[EventDate "2021.12.06"]
[EventType "tourn"]
[EventRounds "9"]
[EventCountry "SRB"]
[EventCategory "9"]
[SourceTitle "CBM 205 Extra"]
[Source "ChessBase"]
[SourceDate "2022.01.31"]
[SourceVersion "1"]
[SourceVersionDate "2022.01.31"]
[SourceQuality "1"]

1. e4 c6 2. d4 d5 3. e5 Bf5 4. Nf3 e6 5. Be2 Ne7 6. 0-0 Nc8 7. Nbd2 Be7 8. Nb3 0-0 9. a4 Nd7 10. a5 a6 11. c4 dxc4 12. Bxc4 Na7 13. Be3 Nb5 14. Qe2 Bg4 15. h3 Bh5 16. Rfd1 Nc7 17. Nc1 f6 18. Nd3 fxe5 19. dxe5 Bxf3 20. gxf3 1/2-1/2

[Event "SRB-ch 15th"]
[Site "Stara Planina"]
[Date "2021.12.06"]
[Round "1"]
[White "Ratkovic, Miloje"]
[Black "Bogosavljevic, Boban"]
[Result "0-1"]
[WhiteElo "2493"]
[BlackElo "2513"]
[PlyCount "67"]
[EventDate "2021.12.06"]
[EventType "tourn"]
[EventRounds "9"]
[EventCountry "SRB"]
[EventCategory "9"]
[SourceTitle "CBM 205 Extra"]
[Source "ChessBase"]
[SourceDate "2022.01.31"]
[SourceVersion "1"]
[SourceVersionDate "2022.01.31"]
[SourceQuality "1"]

1. d4 d5 2. c4 e6 3. Nf3 Nf6 4. Nc3 a6 5. cxd5 exd5 6. Bf4 Bd6 7. Be5 c6 8. e3 0-0 9. Bd3 Qe7 10. Bxd6 Qxd6 11. Ne5 Nbd7 12. f4 c5 13. 0-0 b5 14. a3 cxd4 15. exd4 Bb7 16. Qf3 Nb6 17. Rad1 Rae8 18. Rfe1 Re7 19. g4 Rfe8 20. g5 Ne4 21. Nxe4 dxe4 22. Bxe4 Bxe4 23. Rxe4 f6 24. gxf6 gxf6 25. f5 Nd5 26. Rde1 fxe5 27. dxe5 Qb6+ 28. Kh1 Kh8 29. Rg1 Qc6 30. Qg2 Nc7 31. e6 Nd5 32. Rg4 Qa8 33. Rg7 Qd8 34. Qf2 0-1

[Event "BIH-chT 19th"]
[Site "Neum"]
[Date "2021.09.22"]
[Round "7.1"]
[White "Sanal, Vahap"]
[Black "Ratkovic, Miloje"]
[Result "1-0"]
[WhiteElo "2561"]
[BlackElo "2499"]
[PlyCount "83"]
[EventDate "2021.09.17"]
[EventType "team-tourn"]
[EventRounds "9"]
[EventCountry "BIH"]
[SourceTitle "EXT 2023"]
[Source "ChessBase"]
[SourceDate "2022.10.05"]
[SourceVersion "1"]
[SourceVersionDate "2022.10.05"]
[SourceQuality "1"]
[WhiteTeam "Sarajevo Bosna"]
[BlackTeam "Gorazde"]
[WhiteTeamCountry "BIH"]
[BlackTeamCountry "BIH"]

1. e4 c6 2. Nf3 d5 3. d3 dxe4 4. dxe4 Qxd1+ 5. Kxd1 Nf6 6. Nbd2 Bg4 7. Be2 Nbd7 8. Ne1 e5 9. Bxg4 Nxg4 10. Ke2 Ngf6 11. f3 Nb6 12. a4 a5 13. Nd3 Nfd7 14. Nb1 f6 15. Be3 c5 16. Nc3 c4 17. Nf2 Bc5 18. Rhd1 Bxe3 19. Kxe3 Ke7 20. Nd5+ Nxd5+ 21. Rxd5 Rhc8 22. Rb5 b6 23. Nd1 Rc5 24. Nc3 Kd6 25. Rd1+ Kc6 26. Kf2 Rc8 27. h4 h5 28. Ke1 Rh8 29. Kf2 Rc8 30. g4 hxg4 31. fxg4 Rh8 32. Kg3 Rxb5 33. axb5+ Kc7 34. Nd5+ Kb7 35. Ne3 Nc5 36. Nxc4 Nxe4+ 37. Kf3 Nc5 38. Rd6 Rxh4 39. Rxb6+ Ka7 40. Rc6 Na4 41. Nxa5 f5 42. Ra6+ 1-0

[Event "SRB-chT Premier"]
[Site "Vrnjacka Banja"]
[Date "2021.09.12"]
[Round "7.6"]
[White "Predojevic, Borki"]
[Black "Ratkovic, Miloje"]
[Result "1/2-1/2"]
[WhiteElo "2586"]
[BlackElo "2499"]
[PlyCount "47"]
[EventDate "2021.09.07"]
[EventType "team-tourn"]
[EventRounds "11"]
[EventCountry "SRB"]
[SourceTitle "CBM 204 Extra"]
[Source "ChessBase"]
[SourceDate "2021.11.30"]
[SourceVersion "1"]
[SourceVersionDate "2021.11.30"]
[SourceQuality "1"]
[WhiteTeam "Goracici Jelica"]
[BlackTeam "Elemir Naftagas"]
[WhiteTeamCountry "SRB"]
[BlackTeamCountry "SRB"]

1. e4 c6 2. Nf3 d5 3. Nc3 dxe4 4. Nxe4 Nf6 5. Qe2 Nxe4 6. Qxe4 Nd7 7. d4 Nf6 8. Qd3 g6 9. Be2 Bg7 10. 0-0 0-0 11. Re1 Qc7 12. h3 Bf5 13. Qb3 a5 14. a4 c5 15. Be3 Ne4 16. Rad1 Rac8 17. c3 c4 18. Qa2 Be6 19. d5 Bd7 20. Bd4 e5 21. dxe6 Bxe6 22. Bxg7 Kxg7 23. Rd4 f5 24. Nd2 1/2-1/2

[Event "SRB-chT Premier"]
[Site "Vrnjacka Banja"]
[Date "2021.09.11"]
[Round "5.6"]
[White "Ratkovic, Miloje"]
[Black "Popovic, Dusan"]
[Result "1-0"]
[WhiteElo "2499"]
[BlackElo "2479"]
[PlyCount "89"]
[EventDate "2021.09.07"]
[EventType "team-tourn"]
[EventRounds "11"]
[EventCountry "SRB"]
[SourceTitle "CBM 204 Extra"]
[Source "ChessBase"]
[SourceDate "2021.11.30"]
[SourceVersion "1"]
[SourceVersionDate "2021.11.30"]
[SourceQuality "1"]
[WhiteTeam "Elemir Naftagas"]
[BlackTeam "Subotica Spartak"]
[WhiteTeamCountry "SRB"]
[BlackTeamCountry "SRB"]

1. d4 g6 2. e4 Bg7 3. Nc3 d6 4. Nf3 Nf6 5. Bg5 0-0 6. Qd2 a6 7. Bh6 b5 8. Bd3 e5 9. Bxg7 Kxg7 10. dxe5 dxe5 11. Nxe5 Bb7 12. 0-0-0 b4 13. Ne2 Qe7 14. f4 Nc6 15. Nxc6 Bxc6 16. e5 Ne4 17. Bxe4 Bxe4 18. Ng3 Rad8 19. Qe3 Bxg2 20. Rdg1 Bh3 21. Nh5+ Kh8 22. Qxh3 gxh5 23. Qxh5 f6 24. Kb1 Rd4 25. Rf1 a5 26. exf6 Qxf6 27. Qxa5 Rxf4 28. Rxf4 Qxf4 29. b3 Qe4 30. Rd1 Qe2 31. Qd5 c5 32. Qd2 Re8 33. Qxe2 Rxe2 34. Rd5 Rxh2 35. Rxc5 Kg7 36. Rc4 h5 37. Rxb4 Kf6 38. a4 Re2 39. a5 Kg5 40. a6 Re8 41. Rb5+ Kg6 42. a7 Ra8 43. Ra5 h4 44. b4 h3 45. Ra3 1-0